[Event "AUTO-LOW-06"]
[Site "http://www.queenalice.com/game.php?id=6300"]
[Date "2005.3.5"]
[Round "1"]
[White "Omnipotent"]
[Black "MarcosRamos"]
[Result "0-1"]
[WhiteElo "1473"]
[BlackElo "1851"]

1. e4 c6 2. d3 d5 3. Nc3 e5 4. Nf3 d4 5. Ne2 Nd7 6. g3 Ngf6 7. Bg2 Be7 8. O-O
O-O 9. c3 c5 10. Bg5 h6 11. Bxf6 Bxf6 12. c4 Be7 13. Qd2 a6 14. Bh3 Qc7 15. a3
b5 16. b4 bxc4 17. dxc4 cxb4 18. axb4 Nb6 19. Bxc8 Raxc8 20. Rac1 Nxc4 21. Qd3
Bxb4 22. Qb3 a5 23. Rxc4 Qxc4 24. Qxc4 Rxc4 25. Nxe5 Rc7 26. Rd1 Bc3 27. Ra1
Bxa1 28. Nf4 Rc2 29. Nd7 Rd8 0-1

[Event "AUTO-LOW-06"]
[Site "http://www.queenalice.com/game.php?id=6301"]
[Date "2005.3.5"]
[Round "1"]
[White "MarcosRamos"]
[Black "Omnipotent"]
[Result "1-0"]
[WhiteElo "1846"]
[BlackElo "1545"]

1. d4 d5 2. e3 Nf6 3. Bd3 e6 4. Nf3 Nc6 5. O-O Bd6 6. Nbd2 O-O 7. c3 Bd7 8. e4
Bf4 9. e5 Nh5 10. g4 Nf6 11. exf6 Qxf6 12. Re1 Bxd2 13. Bxd2 b6 14. g5 Qe7 15.
Bf4 Rac8 16. Nd2 Rce8 17. Qh5 g6 18. Qh4 Na5 19. Be5 c5 20. Bf6 Qd6 21. Qh6 1-0

[Event "AUTO-INT-01"]
[Site "http://www.queenalice.com/game.php?id=7259"]
[Date "2005.3.18"]
[Round "1"]
[White "Omnipotent"]
[Black "ClioV6"]
[Result "0-1"]
[WhiteElo "1539"]
[BlackElo "2044"]

1. e4 d5 2. Nc3 Nf6 3. Nf3 c6 4. d3 dxe4 5. dxe4 Qxd1+ 6. Nxd1 Nxe4 7. Bd3 Nc5
8. O-O Nxd3 9. cxd3 Bf5 10. d4 e6 11. Ne3 Be4 12. Nh4 Be7 13. g3 Bxh4 14. gxh4
Na6 15. Bd2 O-O-O 16. Rac1 Rxd4 17. Rcd1 Bf3 18. Rc1 Rxd2 19. Rb1 Rhd8 20. a3
Nc5 21. b4 Nd3 22. Nc4 Rd4 23. Nxd2 Rg4# 0-1

[Event "AUTO-INT-01"]
[Site "http://www.queenalice.com/game.php?id=7274"]
[Date "2005.3.18"]
[Round "1"]
[White "millie"]
[Black "Omnipotent"]
[Result "1-0"]
[WhiteElo "1294"]
[BlackElo "1533"]

1. d4 d5 2. e3 Nc6 3. c3 Bf5 4. Nd2 e6 5. b4 Nf6 6. f3 Bd6 7. g4 Bg6 8. b5 Na5
9. Bh3 O-O 10. a4 Bd3 11. g5 Nd7 12. f4 c5 13. Ngf3 cxd4 14. Nxd4 Nc4 15. N2b3
e5 16. Nf3 exf4 17. Qxd3 1-0

[Event "AUTO-INT-01"]
[Site "http://www.queenalice.com/game.php?id=7275"]
[Date "2005.3.18"]
[Round "1"]
[White "Omnipotent"]
[Black "millie"]
[Result "0-1"]
[WhiteElo "1501"]
[BlackElo "1302"]

1. e4 e5 2. Nf3 d6 3. Nc3 c6 4. Bc4 b5 5. Bb3 f6 6. d3 Qa5 7. O-O Bg4 8. Bd2 b4
9. Na4 g5 10. c3 Ne7 11. cxb4 Qc7 12. h3 Bh5 13. d4 Ng6 14. dxe5 dxe5 15. Nc5
Qc8 16. Ne6 Be7 17. Ng7+ Kd7 18. Nxh5 Qa6 19. Bf7 Nf8 20. Qb3 Qe2 21. Rae1 Qb5
0-1

[Event "AUTO-OPEN-69"]
[Site "http://www.queenalice.com/game.php?id=8710"]
[Date "2005.4.3"]
[Round "1"]
[White "Omnipotent"]
[Black "nicou"]
[Result "0-1"]
[WhiteElo "1539"]
[BlackElo "1886"]

1. e4 e6 2. Nc3 d5 3. Bb5+ Bd7 4. Bxd7+ Qxd7 5. d3 d4 6. Nce2 Nf6 7. Nf3 Bb4+ 8.
Bd2 Nc6 9. O-O Bc5 10. Bf4 h6 11. Qd2 g5 12. Bg3 Nh5 13. Ne5 Nxe5 0-1

[Event "AUTO-OPEN-69"]
[Site "http://www.queenalice.com/game.php?id=8711"]
[Date "2005.4.3"]
[Round "1"]
[White "nicou"]
[Black "Omnipotent"]
[Result "1-0"]
[WhiteElo "1888"]
[BlackElo "1536"]

1. e4 e5 2. Nf3 Nc6 3. Bb5 a6 4. Ba4 Nf6 5. Nc3 Bc5 6. O-O O-O 7. Bxc6 dxc6 8.
Nxe5 Bd6 9. Nf3 Be6 10. e5 Bxe5 11. Nxe5 Qd6 12. Re1 Qc5 13. d4 Qa5 14. Be3 1-0

[Event "AUTO-OPEN-69"]
[Site "http://www.queenalice.com/game.php?id=8712"]
[Date "2005.4.3"]
[Round "1"]
[White "Omnipotent"]
[Black "pedrinhoIII"]
[Result "0-1"]
[WhiteElo "1457"]
[BlackElo "1548"]

1. e4 Nc6 2. Bc4 Nf6 3. d3 Ng4 4. Nf3 e5 5. Bg5 f6 6. Bh4 g5 7. Bg3 a6 8. Nc3
Bb4 9. O-O Bxc3 10. bxc3 b5 11. Bd5 Bb7 12. c4 Na5 13. cxb5 Bxd5 0-1

[Event "AUTO-OPEN-69"]
[Site "http://www.queenalice.com/game.php?id=8713"]
[Date "2005.4.3"]
[Round "1"]
[White "pedrinhoIII"]
[Black "Omnipotent"]
[Result "1-0"]
[WhiteElo "1534"]
[BlackElo "1472"]

1. e4 e5 2. Qh5 Nf6 3. Qxe5+ Be7 4. d3 O-O 5. Be2 d6 6. Qg3 Nc6 7. Bh6 g6 8.
Bxf8 Qxf8 9. Nh3 Nb4 10. Na3 Be6 11. b3 d5 12. e5 Nd7 13. O-O Nc6 14. Ng5 1-0